[Event "Sao Paulo Hebraica 18th"]
[Site "Sao Paulo"]
[Date "2015.06.09"]
[Round "6"]
[White "Supi, Luis Paulo"]
[Black "Molina, Roberto Junio Brito"]
[Result "0-1"]
[WhiteElo "2424"]
[BlackElo "2450"]
[PlyCount "78"]
[EventDate "2015.06.05"]
[EventType "tourn"]
[EventRounds "9"]
[EventCountry "BRA"]
[EventCategory "8"]
[SourceTitle "CBM 166 Extra"]
[Source "ChessBase"]
[SourceDate "2015.06.18"]
[SourceVersion "1"]
[SourceVersionDate "2015.06.18"]
[SourceQuality "1"]

1. d4 d5 2. c4 c6 3. Nc3 dxc4 4. Nf3 b5 5. g3 Nf6 6. Bg2 Bb7 7. O-O e6 8. e4
Nbd7 9. Ng5 e5 10. Be3 h6 11. Nf3 Ng4 12. Nh4 Ndf6 13. h3 Nxe3 14. fxe3 Qc7 15.
dxe5 Qxe5 16. Ne2 Bc5 17. Rf5 Qe7 18. Nd4 O-O-O 19. e5 Rd7 20. Kh2 Nd5 21. Bxd5
cxd5 22. Qg4 g6 23. Rf6 Qxe5 24. Rxf7 Rhd8 25. Rf3 Bxd4 26. Qxd4 Qxd4 27. exd4
Re8 28. Rf2 Re4 29. Rd1 Rd6 30. Rdd2 b4 31. Rf8+ Kc7 32. Nf3 Kb6 33. Ne5 Bc6
34. Rb8+ Ka5 35. a3 bxa3 36. b3 Bb5 37. bxc4 dxc4 38. Ra2 Kb4 39. Rc2 Rexd4 0-1

[Event "Sao Paulo Hebraica 18th"]
[Site "Sao Paulo"]
[Date "2015.06.11"]
[Round "8"]
[White "Quintiliano Pinto, Renato Rodrigues"]
[Black "Supi, Luis Paulo"]
[Result "0-1"]
[WhiteElo "2422"]
[BlackElo "2424"]
[PlyCount "50"]
[EventDate "2015.06.05"]
[EventType "tourn"]
[EventRounds "9"]
[EventCountry "BRA"]
[EventCategory "8"]
[SourceTitle "CBM 166 Extra"]
[Source "ChessBase"]
[SourceDate "2015.06.18"]
[SourceVersion "1"]
[SourceVersionDate "2015.06.18"]
[SourceQuality "1"]

1. d4 Nf6 2. c4 g6 3. Nc3 Bg7 4. e4 O-O 5. Nf3 d6 6. Be2 e5 7. O-O Nc6 8. d5
Ne7 9. b4 a5 10. Ba3 axb4 11. Bxb4 b6 12. a4 Re8 13. Qd3 Nf5 14. a5 bxa5 15.
Bxa5 Ba6 16. Qc2 Nd4 17. Nxd4 exd4 18. Nb5 Bxb5 19. cxb5 Ra7 20. Rfc1 Qa8 21.
Qa4 Nxe4 22. Rxc7 Rxc7 23. Bxc7 Qxa4 24. Rxa4 Nc3 25. b6 d3 0-1

[Event "Sao Paulo Hebraica 18th"]
[Site "Sao Paulo"]
[Date "2015.06.12"]
[Round "9"]
[White "Supi, Luis Paulo"]
[Black "Sztokbant, Bernardo Vainzoff"]
[Result "1-0"]
[WhiteElo "2424"]
[BlackElo "2280"]
[PlyCount "107"]
[EventDate "2015.06.05"]
[EventType "tourn"]
[EventRounds "9"]
[EventCountry "BRA"]
[EventCategory "8"]
[SourceTitle "CBM 166 Extra"]
[Source "ChessBase"]
[SourceDate "2015.06.18"]
[SourceVersion "1"]
[SourceVersionDate "2015.06.18"]
[SourceQuality "1"]

1. d4 d5 2. c4 c6 3. Nf3 Nf6 4. Nc3 a6 5. Qc2 g6 6. e4 dxe4 7. Nxe4 Bg7 8. Be2
Bf5 9. Nxf6+ Bxf6 10. Qb3 Qc7 11. Bh6 Nd7 12. O-O O-O-O 13. Be3 c5 14. Qa3 cxd4
15. Nxd4 Bxd4 16. Bxd4 e5 17. Be3 Nb8 18. b4 Rd7 19. b5 Rhd8 20. Bg5 Rg8 21.
Rac1 h6 22. Be3 Rgd8 23. Qb2 Bd3 24. bxa6 bxa6 25. Bb6 Qb7 26. Bxd3 Rxd3 27.
Rb1 Re8 28. Qb4 Qc6 29. Rb2 Rd7 30. Be3 Rb7 31. Qxb7+ Qxb7 32. Rxb7 Kxb7 33.
Bxh6 Rc8 34. Rb1+ Kc6 35. Be3 Nd7 36. g4 f5 37. gxf5 gxf5 38. f3 Rh8 39. Rb2
Rh4 40. Rc2 Nc5 41. Bf2 Rf4 42. Rc3 e4 43. Bg3 Rxf3 44. Rxf3 exf3 45. Kf2 Ne6
46. Kxf3 Kc5 47. h4 Kxc4 48. h5 a5 49. h6 a4 50. Bh4 Nf8 51. Kf4 Kc3 52. Kxf5
Kb2 53. Be7 Nh7 54. Kg6 1-0

[Event "Juiz de Fora Summer op"]
[Site "Juiz de Fora"]
[Date "2015.08.21"]
[Round "1"]
[White "Supi, Luis Paulo"]
[Black "De Freitas, Isabella Ribeiro C"]
[Result "1-0"]
[WhiteElo "2436"]
[BlackElo "1406"]
[PlyCount "43"]
[EventDate "2015.08.21"]
[EventType "swiss"]
[EventRounds "6"]
[EventCountry "BRA"]
[SourceTitle "EXT 2016"]
[Source "ChessBase"]
[SourceDate "2015.10.08"]
[SourceVersion "1"]
[SourceVersionDate "2015.10.08"]
[SourceQuality "1"]

1. d4 d5 2. c4 c6 3. Nf3 Nf6 4. Nc3 a6 5. g3 Bg4 6. Ne5 Bf5 7. Qb3 b5 8. cxb5
cxb5 9. a4 Qa5 10. Bd2 Be6 11. Bg2 b4 12. Na2 Qb6 13. Qxb4 Qxb4 14. Nxb4 h6 15.
Rc1 Nbd7 16. Nxa6 Kd8 17. Nc6+ Kc8 18. Ncb8+ Kb7 19. Rc7+ Kb6 20. a5+ Kb5 21.
Rb7+ Ka4 22. O-O 1-0

[Event "Juiz de Fora Summer op"]
[Site "Juiz de Fora"]
[Date "2015.08.21"]
[Round "2"]
[White "Deus Filho, Joaquim"]
[Black "Supi, Luis Paulo"]
[Result "0-1"]
[WhiteElo "1892"]
[BlackElo "2436"]
[PlyCount "100"]
[EventDate "2015.08.21"]
[EventType "swiss"]
[EventRounds "6"]
[EventCountry "BRA"]
[SourceTitle "EXT 2016"]
[Source "ChessBase"]
[SourceDate "2015.10.08"]
[SourceVersion "1"]
[SourceVersionDate "2015.10.08"]
[SourceQuality "1"]

1. e4 c5 2. Nc3 e6 3. g3 Nc6 4. Bg2 Nf6 5. Nge2 d5 6. d3 d4 7. Nb1 e5 8. O-O
Be7 9. h3 h5 10. f4 h4 11. g4 Nd7 12. Nd2 exf4 13. Nxf4 Nde5 14. Nf3 Nxf3+ 15.
Rxf3 Ne5 16. Rf2 O-O 17. Qe2 Bg5 18. Bd2 Bxf4 19. Rxf4 Be6 20. b3 b5 21. g5 Ng6
22. Rf5 Qd7 23. Raf1 Rac8 24. Qh5 c4 25. Bb4 Rfe8 26. Be1 cxd3 27. cxd3 Bxf5
28. exf5 Rxe1 29. Rxe1 Qxf5 30. Rf1 Qe5 31. Qg4 Qe3+ 32. Kh2 Rc2 33. Kh1 Rc1
34. Qf5 Rxf1+ 35. Qxf1 Qf4 36. Qxf4 Nxf4 37. Kg1 Ne6 38. g6 fxg6 39. Kf2 Ng5
40. b4 Kf7 41. Bb7 Ke6 42. Bc6 Nxh3+ 43. Kf3 g5 44. Ke4 Kd6 45. Ba8 g4 46. Kxd4
g5 47. Ke4 g3 48. Kf3 Nf4 49. d4 g2 50. Kf2 h3 0-1

[Event "Juiz de Fora Summer op"]
[Site "Juiz de Fora"]
[Date "2015.08.22"]
[Round "3"]
[White "Supi, Luis Paulo"]
[Black "Alboredo, Julia"]
[Result "1-0"]
[WhiteElo "2436"]
[BlackElo "2017"]
[PlyCount "99"]
[EventDate "2015.08.21"]
[EventType "swiss"]
[EventRounds "6"]
[EventCountry "BRA"]
[SourceTitle "EXT 2016"]
[Source "ChessBase"]
[SourceDate "2015.10.08"]
[SourceVersion "1"]
[SourceVersionDate "2015.10.08"]
[SourceQuality "1"]

1. d4 d5 2. Nf3 e6 3. g3 Nf6 4. Bg2 Be7 5. O-O O-O 6. c4 c6 7. Qc2 Nbd7 8. Nbd2
c5 9. cxd5 exd5 10. b3 b6 11. Bb2 Bb7 12. Rad1 Rc8 13. dxc5 Bxc5 14. Qf5 Qe7
15. e3 Qe6 16. Qb1 Qe7 17. Qa1 Ba3 18. Nd4 Bxb2 19. Qxb2 Nc5 20. Nf5 Qc7 21.
Rc1 Qd8 22. Qd4 Ba6 23. Rfd1 Be2 24. Re1 Bg4 25. Nh4 Ne6 26. Qb2 Rxc1 27. Rxc1
d4 28. Nc4 dxe3 29. Nxe3 Bh5 30. Nhf5 Nc5 31. Qc3 Re8 32. b4 Nce4 33. Bxe4 Rxe4
34. Qc8 Re8 35. Qxd8 Rxd8 36. Rc7 a5 37. b5 h6 38. Rc6 Rd2 39. Rxb6 Rxa2 40.
Nd4 Rd2 41. Rd6 Ne4 42. Rd8+ Kh7 43. b6 Rb2 44. Nc4 Rb4 45. Rd5 Rxc4 46. b7 Rb4
47. Rb5 Rxd4 48. b8=Q Bf3 49. Rb1 Nc3 50. Qe5 1-0

[Event "Juiz de Fora Summer op"]
[Site "Juiz de Fora"]
[Date "2015.08.22"]
[Round "4"]
[White "De Moura, Marcelo Moreira"]
[Black "Supi, Luis Paulo"]
[Result "0-1"]
[WhiteElo "2057"]
[BlackElo "2436"]
[PlyCount "66"]
[EventDate "2015.08.21"]
[EventType "swiss"]
[EventRounds "6"]
[EventCountry "BRA"]
[SourceTitle "EXT 2016"]
[Source "ChessBase"]
[SourceDate "2015.10.08"]
[SourceVersion "1"]
[SourceVersionDate "2015.10.08"]
[SourceQuality "1"]

1. e4 c5 2. d4 cxd4 3. Nf3 Nc6 4. c3 d3 5. Bxd3 g6 6. Bc2 Bg7 7. O-O Nf6 8. c4
O-O 9. Bd2 d6 10. Bc3 Bg4 11. Nbd2 Qb6 12. h3 Bxf3 13. Nxf3 Nd7 14. Bxg7 Kxg7
15. Rb1 Nde5 16. Nd2 Qd4 17. Qe2 Nb4 18. Bb3 a5 19. Kh1 a4 20. Bd1 Rfc8 21. a3
Nbd3 22. f4 Nxc4 23. Nxc4 Qxc4 24. b3 Qa6 25. bxa4 Nc5 26. Rb5 Qc6 27. Qb2+ Kg8
28. Bg4 Rc7 29. Rc1 Qxe4 30. Rb4 Qe3 31. Rc3 Nd3 32. Rxd3 Qxd3 33. Bf3 Rc2 0-1

[Event "Juiz de Fora Summer op"]
[Site "Juiz de Fora"]
[Date "2015.08.23"]
[Round "5"]
[White "Supi, Luis Paulo"]
[Black "Da Silva, Carlos Alessandro A"]
[Result "1-0"]
[WhiteElo "2436"]
[BlackElo "2256"]
[PlyCount "53"]
[EventDate "2015.08.21"]
[EventType "swiss"]
[EventRounds "6"]
[EventCountry "BRA"]
[SourceTitle "EXT 2016"]
[Source "ChessBase"]
[SourceDate "2015.10.08"]
[SourceVersion "1"]
[SourceVersionDate "2015.10.08"]
[SourceQuality "1"]

1. e4 e6 2. d4 d5 3. Nc3 Nf6 4. e5 Nfd7 5. f4 c5 6. Nf3 Nc6 7. Be3 Be7 8. Qd2
O-O 9. dxc5 Nxc5 10. O-O-O a6 11. h4 b5 12. Bd3 Nxd3+ 13. Qxd3 Nb4 14. Qd2 Bd7
15. Ng5 Rc8 16. a3 Rxc3 17. bxc3 Na2+ 18. Kb1 Qa5 19. Kxa2 Bxa3 20. Bb6 Qa4 21.
Qd3 Rc8 22. Kb1 h6 23. Qh7+ Kf8 24. Qh8+ Ke7 25. Qxg7 hxg5 26. Qf6+ Ke8 27.
hxg5 1-0

[Event "Juiz de Fora Summer op"]
[Site "Juiz de Fora"]
[Date "2015.08.23"]
[Round "6"]
[White "Supi, Luis Paulo"]
[Black "Santos, Marcus Vinicius M"]
[Result "1/2-1/2"]
[WhiteElo "2436"]
[BlackElo "2333"]
[PlyCount "31"]
[EventDate "2015.08.21"]
[EventType "swiss"]
[EventRounds "6"]
[EventCountry "BRA"]
[SourceTitle "EXT 2016"]
[Source "ChessBase"]
[SourceDate "2015.10.08"]
[SourceVersion "1"]
[SourceVersionDate "2015.10.08"]
[SourceQuality "1"]

1. e4 g6 2. d4 Bg7 3. Nc3 d6 4. g3 Nc6 5. d5 Ne5 6. f4 Bg4 7. Be2 Bxe2 8. Qxe2
Nd7 9. Nf3 c6 10. Bd2 Qc7 11. O-O-O Rc8 12. e5 dxe5 13. dxc6 Qxc6 14. fxe5 Qc4
15. Qe3 Nc5 16. h3 1/2-1/2

[Event "Campo Grande Brasil op"]
[Site "Campo Grande"]
[Date "2015.10.09"]
[Round "1"]
[White "Goncalves Barbosa, Eric Ruber"]
[Black "Supi, Luis Paulo"]
[Result "0-1"]
[WhiteElo "1772"]
[BlackElo "2441"]
[PlyCount "63"]
[EventDate "2015.10.09"]
[EventType "swiss"]
[EventRounds "7"]
[EventCountry "BRA"]
[SourceTitle "CBM 168 Extra"]
[Source "ChessBase"]
[SourceDate "2015.10.29"]
[SourceVersion "1"]
[SourceVersionDate "2015.10.29"]
[SourceQuality "1"]

1. e4 c5 2. Nf3 e6 3. Nc3 a6 4. d4 cxd4 5. Nxd4 Qc7 6. g3 Bb4 7. Nde2 Nf6 8.
Bg2 Nc6 9. O-O Be7 10. Bf4 d6 11. Qd2 O-O 12. Rad1 Ne5 13. a3 b5 14. Bg5 Bb7
15. Bxf6 Nc4 16. Qc1 Bxf6 17. b3 Nb6 18. Rd3 Rac8 19. Qd2 Be7 20. f4 Qc5+ 21.
Qe3 b4 22. axb4 Qxb4 23. f5 exf5 24. Rxf5 g6 25. Rf2 d5 26. exd5 Bc5 27. Nd4
Rce8 28. Ne4 Nxd5 29. Qh6 Bxd4 30. Rxd4 Qxd4 31. Ng5 Re1+ 32. Bf1 0-1

[Event "Campo Grande Brasil op"]
[Site "Campo Grande"]
[Date "2015.10.10"]
[Round "2"]
[White "Supi, Luis Paulo"]
[Black "Duailibe, Ricardo Miguel"]
[Result "1-0"]
[WhiteElo "2441"]
[BlackElo "1955"]
[PlyCount "85"]
[EventDate "2015.10.09"]
[EventType "swiss"]
[EventRounds "7"]
[EventCountry "BRA"]
[SourceTitle "CBM 168 Extra"]
[Source "ChessBase"]
[SourceDate "2015.10.29"]
[SourceVersion "1"]
[SourceVersionDate "2015.10.29"]
[SourceQuality "1"]

1. g3 g6 2. Bg2 Bg7 3. e4 c6 4. Nc3 d6 5. d4 e5 6. dxe5 dxe5 7. Qxd8+ Kxd8 8.
b3 Na6 9. Ba3 Nc7 10. O-O-O+ Ke8 11. Bd6 Ne6 12. Nce2 Nh6 13. h3 f6 14. f4 Nf7
15. Ba3 Bh6 16. Rf1 a5 17. Kb1 a4 18. Bb2 axb3 19. axb3 Ke7 20. Nf3 Bg7 21. Bc3
b6 22. f5 Nc7 23. fxg6 hxg6 24. Nh4 Rh6 25. Bd2 g5 26. Nf5+ Bxf5 27. exf5 Rd8
28. Rd1 c5 29. Kb2 Nd6 30. g4 Rhh8 31. Nc3 Ndb5 32. Nxb5 Nxb5 33. Be3 Rxd1 34.
Rxd1 Rd8 35. Ra1 Kd6 36. Ra6 Rb8 37. b4 cxb4 38. Bxb6 Rxb6 39. Rxb6+ Kc5 40.
Rb7 Bf8 41. Rf7 Bd6 42. Rxf6 e4 43. Re6 1-0

[Event "Campo Grande Brasil op"]
[Site "Campo Grande"]
[Date "2015.10.10"]
[Round "3"]
[White "Martins, Saulo Marcio L"]
[Black "Supi, Luis Paulo"]
[Result "0-1"]
[WhiteElo "2010"]
[BlackElo "2441"]
[PlyCount "94"]
[EventDate "2015.10.09"]
[EventType "swiss"]
[EventRounds "7"]
[EventCountry "BRA"]
[SourceTitle "CBM 168 Extra"]
[Source "ChessBase"]
[SourceDate "2015.10.29"]
[SourceVersion "1"]
[SourceVersionDate "2015.10.29"]
[SourceQuality "1"]

1. d4 Nf6 2. c4 g6 3. Nc3 Bg7 4. e4 d6 5. Bg5 h6 6. Bf4 Nc6 7. d5 e5 8. Be3 Nd4
9. Nge2 Ng4 10. Bxd4 exd4 11. Nxd4 O-O 12. Nf3 Re8 13. Be2 Bxc3+ 14. bxc3 Rxe4
15. O-O Re8 16. Re1 Nf6 17. Qd2 Kg7 18. h3 Bd7 19. Bf1 b6 20. Qd4 Kh7 21. Qf4
Rf8 22. g4 Ng8 23. Re3 Qf6 24. Qg3 Rae8 25. Rd3 Re4 26. Rd4 Rxd4 27. Nxd4 Re8
28. Bd3 Qe5 29. Qf3 Kg7 30. Kg2 Nf6 31. Qg3 h5 32. g5 Qxg3+ 33. Kxg3 Ne4+ 34.
Bxe4 Rxe4 35. f3 Re3 36. Rc1 Rd3 37. Rc2 Ba4 38. Nb3 Rd1 39. Re2 Kf8 40. Rb2
Rd3 41. Rc2 a6 42. Kf2 Rd1 43. Rb2 Bd7 44. Kg3 Rg1+ 45. Rg2 h4+ 46. Kh2 Re1 47.
Rc2 Bf5 0-1

[Event "Campo Grande Brasil op"]
[Site "Campo Grande"]
[Date "2015.10.11"]
[Round "4"]
[White "Supi, Luis Paulo"]
[Black "Lopes, Marcelo Ferreira"]
[Result "1-0"]
[WhiteElo "2441"]
[BlackElo "1995"]
[PlyCount "35"]
[EventDate "2015.10.09"]
[EventType "swiss"]
[EventRounds "7"]
[EventCountry "BRA"]
[SourceTitle "CBM 168 Extra"]
[Source "ChessBase"]
[SourceDate "2015.10.29"]
[SourceVersion "1"]
[SourceVersionDate "2015.10.29"]
[SourceQuality "1"]

1. d4 Nf6 2. Bg5 Ne4 3. h4 h6 4. Bf4 e6 5. e3 b6 6. Bd3 Bb7 7. Ne2 Be7 8. Nbc3
Nxc3 9. Nxc3 Bxh4 10. Qg4 Bf6 11. O-O-O Nc6 12. d5 Nb4 13. dxe6 Nxd3+ 14. Rxd3
fxe6 15. Nb5 Rc8 16. Rhd1 a6 17. Qg6+ Ke7 18. Nd6 1-0

[Event "Campo Grande Brasil op"]
[Site "Campo Grande"]
[Date "2015.10.12"]
[Round "6"]
[White "Supi, Luis Paulo"]
[Black "Martins, George Evandro Barr"]
[Result "1-0"]
[WhiteElo "2441"]
[BlackElo "2174"]
[PlyCount "59"]
[EventDate "2015.10.09"]
[EventType "swiss"]
[EventRounds "7"]
[EventCountry "BRA"]
[SourceTitle "CBM 168 Extra"]
[Source "ChessBase"]
[SourceDate "2015.10.29"]
[SourceVersion "1"]
[SourceVersionDate "2015.10.29"]
[SourceQuality "1"]

1. e4 g6 2. d4 Bg7 3. Nc3 c6 4. f4 d5 5. e5 Nh6 6. Be2 O-O 7. Be3 f6 8. Qd2 b5
9. Nf3 Bg4 10. h3 Bxf3 11. Bxf3 Nf5 12. Bf2 fxe5 13. dxe5 e6 14. h4 Nd7 15. g4
Ne7 16. Rh3 Rf7 17. Ne2 Nb6 18. b3 Qd7 19. O-O-O Rb8 20. h5 Rbf8 21. Bc5 Qb7
22. Bg2 Nd7 23. Bd6 Nc8 24. Bxf8 Bxf8 25. hxg6 hxg6 26. Nd4 Ba3+ 27. Kb1 Nf8
28. Rdh1 Rg7 29. f5 exf5 30. Nxc6 1-0

[Event "Florianopolis op 2nd"]
[Site "Florianopolis"]
[Date "2016.01.16"]
[Round "1"]
[White "Silva, Janderson Rossi Da"]
[Black "Supi, Luis Paulo"]
[Result "0-1"]
[WhiteElo "1831"]
[BlackElo "2449"]
[PlyCount "58"]
[EventDate "2016.01.16"]
[EventType "swiss"]
[EventRounds "10"]
[EventCountry "BRA"]
[SourceTitle "CBM 170 Extra"]
[Source "ChessBase"]
[SourceDate "2016.02.25"]
[SourceVersion "1"]
[SourceVersionDate "2016.02.25"]
[SourceQuality "1"]

1. e4 c5 2. Nc3 d6 3. f4 e6 4. Nf3 d5 5. e5 Nc6 6. d4 Nh6 7. Ne2 Be7 8. Ng3
cxd4 9. Nxd4 O-O 10. Nxc6 bxc6 11. Bd3 Bc5 12. Qe2 Rb8 13. c3 f6 14. b4 Bb6 15.
Be3 fxe5 16. fxe5 Bxe3 17. Qxe3 Ng4 18. Qd4 Qg5 19. h4 Qxe5+ 20. Qxe5 Nxe5 21.
Be2 Ng6 22. O-O-O Nf4 23. Rhg1 a5 24. a3 Ra8 25. Kb1 axb4 26. axb4 Nxe2 27.
Nxe2 Rf2 28. Nd4 e5 29. Nxc6 Bf5+ 0-1

[Event "Florianopolis op 2nd"]
[Site "Florianopolis"]
[Date "2016.01.17"]
[Round "2"]
[White "Supi, Luis Paulo"]
[Black "Muzzi, Eduardo"]
[Result "1-0"]
[WhiteElo "2449"]
[BlackElo "2010"]
[PlyCount "43"]
[EventDate "2016.01.16"]
[EventType "swiss"]
[EventRounds "10"]
[EventCountry "BRA"]
[SourceTitle "CBM 170 Extra"]
[Source "ChessBase"]
[SourceDate "2016.02.25"]
[SourceVersion "1"]
[SourceVersionDate "2016.02.25"]
[SourceQuality "1"]

1. d4 e6 2. c4 f5 3. Nc3 Nf6 4. e3 c6 5. Bd3 d5 6. Nge2 Bd6 7. Qc2 Ne4 8. O-O
O-O 9. f3 Nxc3 10. bxc3 b6 11. Bd2 Ba6 12. cxd5 Bxd3 13. Qxd3 cxd5 14. c4 Qc7
15. cxd5 Bxh2+ 16. Kf2 e5 17. g3 e4 18. Qb3 Qd7 19. Rh1 f4 20. Nxf4 Rxf4 21.
exf4 Qh3 22. fxe4 1-0

[Event "Florianopolis op 2nd"]
[Site "Florianopolis"]
[Date "2016.01.17"]
[Round "3"]
[White "Nery, Jose Antonio Jr"]
[Black "Supi, Luis Paulo"]
[Result "0-1"]
[WhiteElo "2153"]
[BlackElo "2449"]
[PlyCount "99"]
[EventDate "2016.01.16"]
[EventType "swiss"]
[EventRounds "10"]
[EventCountry "BRA"]
[SourceTitle "CBM 170 Extra"]
[Source "ChessBase"]
[SourceDate "2016.02.25"]
[SourceVersion "1"]
[SourceVersionDate "2016.02.25"]
[SourceQuality "1"]

1. e4 c5 2. Nf3 e6 3. d4 cxd4 4. Nxd4 a6 5. c4 Nf6 6. Nc3 Qc7 7. Bg5 Nc6 8. Nc2
h6 9. Bh4 Be7 10. Be2 Ne5 11. Ne3 d6 12. O-O b6 13. f4 Ned7 14. f5 h5 15. Kh1
Bb7 16. fxe6 fxe6 17. Bf3 Rc8 18. Rc1 g6 19. Qe2 O-O 20. b4 Ne5 21. Bg3 Kg7 22.
a3 Nfd7 23. Nb1 Bg5 24. Nd2 h4 25. Bf2 Qd8 26. Bg4 Qe7 27. Bg1 Nf6 28. Bf3 h3
29. Rce1 hxg2+ 30. Qxg2 Nxf3 31. Rxf3 Nxe4 32. Nxe4 Bxe4 33. Rf7+ Rxf7 34. Qxe4
Qb7 35. Ng2 Qxe4 36. Rxe4 Rf1 37. Rxe6 Rxc4 38. h4 Bf4 39. Nxf4 Rfxf4 40. Bxb6
Rc2 41. Kg1 Rg4+ 42. Kf1 Rgc4 43. Kg1 d5 44. Rd6 Re4 45. Kf1 Rd2 46. Bc5 g5 47.
Rxa6 Rxh4 48. Kg1 Rc4 49. Ra7+ Kg6 50. Ra6+ 0-1

[Event "Florianopolis op 2nd"]
[Site "Florianopolis"]
[Date "2016.01.18"]
[Round "4"]
[White "Supi, Luis Paulo"]
[Black "Dejeanne, Francisco Horacio"]
[Result "1-0"]
[WhiteElo "2449"]
[BlackElo "2249"]
[PlyCount "89"]
[EventDate "2016.01.16"]
[EventType "swiss"]
[EventRounds "10"]
[EventCountry "BRA"]
[SourceTitle "CBM 170 Extra"]
[Source "ChessBase"]
[SourceDate "2016.02.25"]
[SourceVersion "1"]
[SourceVersionDate "2016.02.25"]
[SourceQuality "1"]

1. c4 e6 2. Nf3 d5 3. d4 Nf6 4. Bg5 Be7 5. Nc3 O-O 6. e3 Nbd7 7. Rc1 h6 8. Bh4
dxc4 9. Bxc4 c5 10. O-O cxd4 11. Nxd4 Nb6 12. Bb3 Nfd5 13. Bg3 Nxc3 14. Rxc3
Nd5 15. Rc2 Qa5 16. Nf5 Bf6 17. Nd6 Nb4 18. Rc4 Nc6 19. Ra4 Qd8 20. Qh5 g6 21.
Qxh6 Bg5 22. Qh3 Kg7 23. Rd1 Qe7 24. Bh4 e5 25. Nxc8 Raxc8 26. Bxg5 Qxg5 27.
Rh4 Rh8 28. Rd7 Ne7 29. Rxh8 Rxh8 30. Qf3 Qf6 31. Rxb7 Rc8 32. Qxf6+ Kxf6 33.
g3 a5 34. Rb6+ Rc6 35. Rxc6+ Nxc6 36. Kf1 Ke7 37. Ke2 f5 38. f3 Kf6 39. Ba4 Ne7
40. e4 f4 41. Kd3 g5 42. Bd7 Ng6 43. Kc4 Nh8 44. Be8 Ke7 45. Bh5 1-0

[Event "Florianopolis op 2nd"]
[Site "Florianopolis"]
[Date "2016.01.19"]
[Round "5"]
[White "El Debs, Felipe de Cresce"]
[Black "Supi, Luis Paulo"]
[Result "0-1"]
[WhiteElo "2514"]
[BlackElo "2449"]
[PlyCount "74"]
[EventDate "2016.01.16"]
[EventType "swiss"]
[EventRounds "10"]
[EventCountry "BRA"]
[SourceTitle "CBM 170 Extra"]
[Source "ChessBase"]
[SourceDate "2016.02.25"]
[SourceVersion "1"]
[SourceVersionDate "2016.02.25"]
[SourceQuality "1"]

1. d4 Nf6 2. c4 g6 3. Nc3 Bg7 4. e4 d6 5. Nf3 O-O 6. Be2 e5 7. Be3 Ng4 8. Bg5
f6 9. Bh4 g5 10. Bg3 Nh6 11. dxe5 dxe5 12. Qc2 g4 13. Nd2 Nc6 14. Nb3 f5 15.
exf5 Nxf5 16. Rd1 Nfd4 17. Nxd4 Nxd4 18. Qe4 Bf5 19. Qd5+ Kh8 20. Bd3 Bxd3 21.
Rxd3 e4 22. Rd2 c6 23. Qh5 e3 24. fxe3 Qe7 25. Qxg4 Qxe3+ 26. Kd1 Rad8 27. Qe4
Qh6 28. Re1 Nf3 29. Rxd8 Rxd8+ 30. Kc2 Qd2+ 31. Kb3 Nd4+ 32. Ka3 b5 33. Rf1 b4+
34. Ka4 Qxb2 35. Nb1 Qxa2+ 36. Kxb4 c5+ 37. Kxc5 Qa5# 0-1

[Event "Florianopolis op 2nd"]
[Site "Florianopolis"]
[Date "2016.01.19"]
[Round "6"]
[White "Rodriguez Vila, Andres"]
[Black "Supi, Luis Paulo"]
[Result "0-1"]
[WhiteElo "2487"]
[BlackElo "2449"]
[PlyCount "110"]
[EventDate "2016.01.16"]
[EventType "swiss"]
[EventRounds "10"]
[EventCountry "BRA"]
[SourceTitle "CBM 170 Extra"]
[Source "ChessBase"]
[SourceDate "2016.02.25"]
[SourceVersion "1"]
[SourceVersionDate "2016.02.25"]
[SourceQuality "1"]

1. e4 c5 2. Nc3 e6 3. g3 Nc6 4. Bg2 Nf6 5. Nge2 d5 6. exd5 exd5 7. O-O d4 8.
Ne4 Nxe4 9. Bxe4 Bd6 10. d3 Bg4 11. f3 Bd7 12. f4 f5 13. Bg2 O-O 14. Kh1 Be6
15. Ng1 Be7 16. Bd2 Bd5 17. Qe2 Re8 18. Rfe1 Qd7 19. Bxd5+ Qxd5+ 20. Qf3 Qxf3+
21. Nxf3 Bf6 22. Kg2 Kf7 23. h3 Rxe1 24. Rxe1 Re8 25. Rxe8 Kxe8 26. g4 Kd7 27.
Kg3 Ke6 28. g5 Be7 29. h4 h5 30. gxh6 gxh6 31. h5 Bf6 32. c4 dxc3 33. Bxc3 Bxc3
34. bxc3 b5 35. Kf2 Ne7 36. c4 a6 37. Ke3 bxc4 38. dxc4 Ng8 39. Ne5 Nf6 40. Nc6
Nxh5 41. Nd8+ Kd7 42. Nf7 Nf6 43. Nxh6 Ke6 44. Kf3 Ne4 45. Ke3 Nd6 46. Kd3 Kf6
47. Ng8+ Kf7 48. Nh6+ Kg6 49. Ng8 Nc8 50. Kc3 Kg7 51. Kb3 Kxg8 52. Ka4 Nb6+ 53.
Ka5 Nxc4+ 54. Kxa6 Nd6 55. Ka5 Kf7 0-1

[Event "Florianopolis op 2nd"]
[Site "Florianopolis"]
[Date "2016.01.20"]
[Round "7"]
[White "Supi, Luis Paulo"]
[Black "Granda Zuniga, Julio E"]
[Result "0-1"]
[WhiteElo "2449"]
[BlackElo "2683"]
[PlyCount "62"]
[EventDate "2016.01.16"]
[EventType "swiss"]
[EventRounds "10"]
[EventCountry "BRA"]
[SourceTitle "CBM 170 Extra"]
[Source "ChessBase"]
[SourceDate "2016.02.25"]
[SourceVersion "1"]
[SourceVersionDate "2016.02.25"]
[SourceQuality "1"]

1. e4 e5 2. Nf3 Nc6 3. Bc4 Bc5 4. c3 Nf6 5. d3 d6 6. h3 Bb6 7. a4 a5 8. Bb3 Ne7
9. Na3 c6 10. Bg5 Ng6 11. Nc4 Bc7 12. d4 Be6 13. Ne3 h6 14. Bxe6 fxe6 15. dxe5
dxe5 16. Qb3 hxg5 17. Nxg5 Nf4 18. Rd1 Qc8 19. g3 N4d5 20. exd5 exd5 21. c4 d4
22. Qc2 Kf8 23. Nf5 Rh5 24. h4 c5 25. g4 Nxg4 26. Rg1 Nf6 27. Nxg7 Kxg7 28.
Ne6+ Kf7 29. Ng5+ Ke7 30. Rd3 Qf5 31. Qb3 b6 0-1

[Event "Florianopolis op 2nd"]
[Site "Florianopolis"]
[Date "2016.01.21"]
[Round "8"]
[White "Supi, Luis Paulo"]
[Black "Mahia, Gustavo"]
[Result "1-0"]
[WhiteElo "2449"]
[BlackElo "2362"]
[PlyCount "55"]
[EventDate "2016.01.16"]
[EventType "swiss"]
[EventRounds "10"]
[EventCountry "BRA"]
[SourceTitle "CBM 170 Extra"]
[Source "ChessBase"]
[SourceDate "2016.02.25"]
[SourceVersion "1"]
[SourceVersionDate "2016.02.25"]
[SourceQuality "1"]

1. d4 e6 2. c4 f5 3. Nc3 Nf6 4. e3 d5 5. Bd3 Bd6 6. Nge2 O-O 7. Qc2 c6 8. f3 a6
9. c5 Bc7 10. Bd2 Nbd7 11. O-O g6 12. e4 fxe4 13. fxe4 e5 14. exd5 cxd5 15. Qb3
exd4 16. Nxd5 Nxc5 17. Nxf6+ Kg7 18. Qc4 Nxd3 19. Nd5 Be5 20. Rxf8 Qxf8 21.
Qxd3 Bf5 22. Qb3 Rd8 23. Ndf4 Qd6 24. Rf1 b5 25. Ng3 Bd7 26. Ne4 Qe7 27. Nd3
Bf5 28. Bg5 1-0